000 00569nam a22001577a 4500
005 20120618153317.0
020 _a8170999294
_cRs.450.00 (hbk)
035 _aB-128183
037 _aDPL
_bENG
100 _aMohammad Miyan
_949296
245 _aProfessionalisation of teacher education /
_cby Mohammad Miyan
260 _aNew Delhi
_bMittal Publications
_c2004
300 _av, 207p.
_c20 cms.
942 _2ddc
_cEN
_h370.71
_mMOH
999 _c68065
_d68065